000 00318 a2200157 4500
001 181519
020 _a
040 _cMagnum
100 _aVazquez, Adolfo Sanchez
240 1 0 _aEtica
_lpor
245 1 0 _aEtica
362 0 _a1899
440 1 _aCivilização Brasileira
697 _aMAGNITO: GERAL
942 _cBK
999 _c181519
_d181519